Landmarks - Statistics

General Stats
  • This quiz has been taken 25 times
  • The average score is 6 of 7
Answer Stats
Picture Answer % Correct
Big Ben
100%
Eiffel Tower
100%
Taj Mahal
100%
Leaning Tower of Pisa
96%
Alamo
63%
CN Tower
63%
Willis Tower | Sears Tower
46%
No matching quizzes found
Score Distribution
Percent of People with Each Score
Percentile by Number Answered
Your Score History
You have not taken this quiz